El Caudillo, Generalísimo Franco, presidente de honor del Patronato Nacional de la Montaña de Montserrat : el Abad, dom Aurelio Escarré, impone a S.E. la Medalla de oro del Patronato. el Abad, dom Aurelio Escarré, impone a S.E. la Medalla de oro del Patronato.
Descripción Física:
Il·lustracions
Colección:
San Jorge,
; núm. 7 (juliol 1952), pàg 21-23
Materias:
Franco Bahamonde, Francisco, -- 1892-1975 -- Medalles
; Medalla d'Or del Patronat Nacional de la Muntanya de Montserrat
Idioma:
Español
MARC
| LEADER | 00000naa a2200000 a 4500 | ||
|---|---|---|---|
| 003 | Arxiu | ||
| 005 | 20260324181030.0 | ||
| 008 | 160829s1952 spcaxx s spa c | ||
| 040 | |a agdb | ||
| 245 | 0 | 3 | |a El Caudillo, Generalísimo Franco, presidente de honor del Patronato Nacional de la Montaña de Montserrat : |b el Abad, dom Aurelio Escarré, impone a S.E. la Medalla de oro del Patronato. |
| 300 | |b Il·lustracions | ||
| 490 | |a San Jorge, |v núm. 7 (juliol 1952), pàg 21-23 | ||
| 600 | 1 | 0 | |a Franco Bahamonde, Francisco, |d 1892-1975 |x Medalles |9 54198 |
| 650 | |a Medalla d'Or del Patronat Nacional de la Muntanya de Montserrat | ||
| 773 | |g Núm. 7 (juliol 1952), pàg 21-23 |t San Jorge. | ||
| 901 | |a Arxiu | ||
| 942 | |n 1 |2 udc |c ART | ||
| 952 | |0 0 |1 0 |4 0 |7 1 |9 64245 |a Arxiu |b Arxiu |d 2022-11-21 |o Rev-508 |r 2022-11-21 00:00:00 |w 2022-11-21 |y ARXIU |z També disponible a Rev-521 | ||
| 999 | |c 47393 |d 47393 | ||